| 000 | 00838nam a2200217Ii 4500 | ||
|---|---|---|---|
| 003 | JO-AjNU | ||
| 008 | 230605s9999||||xx |||||||||||||| ||und|| | ||
| 017 | _a2005/7/1716 | ||
| 040 |
_aJO-AjNU _bara _erda _cJO-AjNU |
||
| 041 | _aara | ||
| 050 | 1 | 4 | _aDS98.A75 2005 |
| 100 | 3 |
_aاعداد العساف، مصطفى عبد الرحمن مازن, _eauthor _920029 |
|
| 245 | 0 | 0 | _aاالفكر السياسي في سورية في ظل الانتداب الفرنسي 1920-1946 |
| 250 | _aط1 | ||
| 264 | 3 | 1 | _aعمان: دار زيد الكيلاني للنشر والتوزيع، 2005 |
| 300 | _a272ص | ||
| 336 |
_atext _btxt _2rdacontent |
||
| 337 |
_aunmediated _bn _2rdamedia |
||
| 338 |
_avolume _bnc _2rdacarrier |
||
| 650 | 4 |
_aتاريخ سوريا- الانتاب الفرنسي على سوريا- معركة ميسلون- _920030 |
|
| 999 |
_aA6717 _c10285 _d10285 |
||